1447 1660 1999 1290 1596 1358 1791 1669 1582 1696 1183 1895 1122 1261 1954 1631 1071 1679 1588 1138 1064 1157 1319 1130 1392 1550 1127 1814 1136 1623 1818 1492 1544 1961 1140 1315 1594 1060 1300 1814 1016 1267 1808 1392 1156 1035 1268 1864 1698 1944 1923 1042 1731 1430 1294 1723 1607 1453 1072 1359 1860 1202 1921 1939 1891 1457 1140 1329 1603 1902 1002 1206 1615 1024 1504 1916 1777 1490 1184 1316 1311 1888 1273 1323 1977 1773 1851 1589 1639 1153 1996 1506 1187 1471 1425 1447 1561 1189 1552 BCNSPRNW ULIB Ver.6.0+V

เปลี่ยนเป็นภาษาไทย

Change to English
 แสดงรายละเอียดบรรณานุกรม
  กลับหน้าหลัก

Brief Record : Get Marc (ISO 2709) : E-mail record : QR code < ปิดหน้าต่าง
LEADER : 00000nam 2200000uu 4500
001    13399112879
003     ULIB
008    110915s2554||||th 000 0 tha d
020    9789749040577
050  4 H62^bส234ก 2554
100 0  สมคิด พรมจุ้ย
245 10 การเขียนโครงการวิจัย :^bหลักการและแนวปฎิบัติ /^cสมคิดพรมจุ้ย
250    พิมพ์ครั้งที่ 4
260    กรุงเทพฯ :^bจตุพร ดีไซน์,^c2554
300    202 หน้า :^bภาพประกอบ ;^c21 ซม.
650  4 วิจัย
945    ^p150^l0^i030522
945    ^p150^l0^i030523
945    ^p150^l0^i030524
995    เกษร
999 ^a ใช้งานได้ทุกระบบ
รายการนี้ยังไม่มีแท็ก
คุณยังไม่ได้ล็อกอิน คุณสามารถมีกิจกรรมร่วมกับเว็บไซต์ได้ แต่ต้องล็อกอินก่อน ::
  ล็อกอิน

รายการสื่อสารสนเทศ

ลำดับที่ ประเภท เลขเรียก/บาร์โค้ด สถานที่ สถานะ
- ไม่พบข้อมูล -

รายการใกล้เคียง
    ผู้แต่ง [สมคิด พรมจุ้ย]

    หัวเรื่อง [วิจัย]

BibComment


ยังไม่เคยถูกคอมเมนท์

คอมเมนท์ทรัพยากรรายการนี้
  คอมเมนท์: การเขียนโครงการวิ..


 Copyright 2026. Bcnsprnw @Library